00420 2200169 4500001002100000008004100021035002000062245002900082100001900111260002800130300002400158020002200182084001400204082000800218990001200226990001200238INLIS000000000002745 IND  a0010-0925000092 aKimia XIcUnggul Sudarmo aUnggul Sudarmo aJakartabErlanggac2021 a388c(17,5 x 25 cm) a978-623-266-824-9 a540 UNG k a540 a0754960 a0754961